000 00887nam a2200217 a 4500
008 081121s2007 ||||||||||||||||| || u
020 _a9780340965085
050 _aBF 503 Hor
100 _aHorne, Terry
245 1 0 _aTeach yourself training your brain
260 _aLondon:
_bHodder Arnold
_c2007
300 _axiii, 306p.: ill.
350 _a0.00
490 _aTeach yourself
650 _aTHOUGHT AND THINKING--PSYCHOLOGICAL ASPECTS
650 3 _aPSYCHOLOGY
650 _aMOTIVATION (PSYCHOLOGY)--STUDY AND TEACHING
700 _aWootton, Simon
995 _aBINDERY (DAMAGED)
_D0.00
_e739316
_FCBU-MAIN LIBRARY (Kitwe)
_H1
_I0.00
_jBF 503 HOR
_M1
_UDAMAGED
_WFeb 17, 2009
_y739316
_ZMain Library Open Access Collection
995 _aBINDERY (DAMAGED)
_D0.00
_e739317
_FCBU-MAIN LIBRARY (Kitwe)
_H1
_I0.00
_jBF 503 HOR
_M2
_UDAMAGED
_WFeb 17, 2009
_y739317
_ZMain Library Open Access Collection
999 _c80936
_d80936